أحكام الأحوال الشخصية للوطنيين غير المسلمين / (Record no. 24772)
[ view plain ]
| 000 -الفاتح | |
|---|---|
| حقل البيانات ثابتة الطول | 00943nam a22002175a 4500 |
| 003 - محدد رقم الضبط | |
| رقم الضبط | OSt |
| 005 - وقت وتاريخ اخر تعامل مع التسجيلة | |
| رقم الضبط | 20170503133509.0 |
| 008 - عناصر البيانات ثابتة الطول - معلومات عامة | |
| حقل البيانات ثابتة الطول | 160922n199? ua frb f000 0 ara d |
| 040 ## - مصدر الفهرسة | |
| وكالة الفهرسة الأصلية | EG-ScBUE |
| لغة الفهرسة | ara |
| وكالة النسخ | EG-ScBUE |
| وكالة التعديل | EG-ScBUE |
| 082 04 - رقم تصنيف ديوى العشرى | |
| رقم التصنيف | 346.015 |
| رقم المادة | س ل ي |
| رقم الطبعة | 22 |
| 100 1# - المدخل الرئيسى - إسم شخصى | |
| الإسم الشخصى | سليم، محمد محي الدين إبراهيم. |
| 245 10 - بيان العنوان | |
| العنوان | أحكام الأحوال الشخصية للوطنيين غير المسلمين / |
| بيان المسئوليه,etc | محمد محي الدين إبراهيم سليم، محمد أحمد المعداوي. |
| 260 ## - PUBLICATION, DISTRIBUTION, ETC. (IMPRINT) | |
| مكان الناشر او الموزع | [بنها، مصر] : |
| اسم الناشر او الموزع | كلية الحقوق، جامعة بنها، |
| تاريخ النشر أو التوزيع | [?199] |
| 300 ## - الوصف المادى | |
| التعداد | 362 ص. ؛ |
| أبعاد الوعاء | 24 سم. |
| 504 ## - تبصرة ببليوجرافية | |
| تبصرة ببليوجرافية,الخ | يشتمل على إرجاعات ببليوجرافية. |
| 650 #7 - المدخل الاضافى بالموضوع-مصطلح موضوعى | |
| مصطلح موضوعي أو اسم جغرافي كعنصر مدخل | الأحوال الشخصية لغير المسلمين |
| التقسيم الفرعي العام | قوانين وتشريعات. |
| مصدر الرأس أو المصطلح | BUEsh |
| 651 ## - المدخل الاضافى بالموضوع - اسم جغرافى | |
| مصدر الرأس أو المصطلح | BUEsh |
| 653 ## - مصطلح تكشيفى غير مقيد | |
| Resource For college | Law |
| Arrived date list | May2017 |
| 700 1# - المدخل الاضافى - اسم شخصى | |
| الإسم الشخصى | المعداوي، محمد أحمد. |
| 942 ## - عناصر المدخل الإضافي( كوها) | |
| مصدر التصنيف او مخطط الترفيف | Dewey Decimal Classification |
| حالة التراجع | حالة الفقد | مصدر التصنيف او خطة الترفيف | حالة تلف | ليس للاعارة | مجموعات كوها | المكان الدائم | المكان الحالي | موقع الترفيف | تاريخ الاكتساب | Source of acquisition | سعر الشراء الطبيعي | تعداد مسلسل / التسلسل الزمني | رقم الاستدعاء | الباركود | Date last seen | التكلفة | نوع الوعاء |
|---|---|---|---|---|---|---|---|---|---|---|---|---|---|---|---|---|---|
| Dewey Decimal Classification | Scientific_Group | Central Library | Central Library | First floor | 03/05/2017 | Purchase | 40.00 | 666 | 346.015 س ل ي | 000041775 | 15/07/2025 | 50.00 | Book - Borrowing | ||||
| Dewey Decimal Classification | Scientific_Group | Central Library | Central Library | First floor | 03/05/2017 | Purchase | 40.00 | 666 | 346.015 س ل ي | 000041776 | 15/07/2025 | 50.00 | Book - Borrowing |